000 00909nam a2200265Ia 4500
003 OSt
005 20221005111028.0
006 a|||||r|||| 00| 0
007 ta
008 221004b |||||||| |||| 00| 0 hin d
020 _a8171192371 (hbk)
_c150
024 _a20025
037 _bBR8398, 21/03/2015, Rajkamal Prakashan Pvt. Ltd.
_cTextual
040 _aCRL
_cCRL
_bhin
041 _2hin
_ahin
082 _aO152,3NB0x, Q4
100 _aबोडस, नाग
245 0 _aपाजामे में आदमी
246 _aPājāme mean ādamī
260 _aनई दिल्ली
_bराधाकृष्ण भारत
_c2014
300 _a158पृ0
_ccm.
650 _aहिन्दी साहित्य
942 _hO152,3NB0x, Q4
_cTEXL
_2cc
999 _c1020595
_d1020595